000 00858nam a22003017a 4500
003 CHAP
005 20220329141442.0
008 971013s1982 r 00010 d
010 _a68364
011 _a69336
035 _a78812
040 _cCHAP
082 _a301
_bL8
100 0 0 _aLuna Arroyo, Antonio.
_969016
245 _aSociología de la libertad
260 _aMéxico, D. F. :
_bUNAM,
_c1982
300 _a349 p.
500 _a27-249
590 _aBATCH-UPD
_b10
_c20130110
_lUCH01
_h0500
590 _aBATCH-UPD
_b10
_c20130410
_lUCH01
_h0138
590 _aBATCH-UPD
_b10
_c20130914
_lUCH01
_h1724
590 _aCONVERSION
_b10
_c20130109
_lUCH01
_h1338
650 1 4 _aLibertad.
_966625
650 1 4 _aSociología.
_9108197
901 _aBK
942 _cLIBRO
949 _a301 L8
_bBC
_cLIBRO
_d33724000286175
_eLIBRO
_gI.c/e
_h70043
_i78812
_si
_t670.00
999 _c68364
_d68364